Presence de la france /
Guardado en:
| Formato: | Libro |
|---|---|
| Publicado: |
París :
Art et Style,
1962
|
| Materias: | |
| Etiquetas: |
Agregar Etiqueta
Sin Etiquetas, Sea el primero en etiquetar este registro!
|
| LEADER | 00438nam a22001695a 4500 | ||
|---|---|---|---|
| 001 | CEM.cems000197 | ||
| 005 | 20060209000000.0 | ||
| 008 | 130507s1962##################000#0#####d | ||
| 003 | CEMS | ||
| 082 | 0 | 4 | |a 944 |
| 245 | 0 | 0 | |a Presence de la france / |
| 260 | |a París : |b Art et Style, |c 1962 | ||
| 300 | |a 130 p. | ||
| 653 | |a Francia | ||
| 653 | |a Historia | ||
| 653 | |a Historia de europa | ||
| 859 | |a CEMS |b BIB. CEMS - 11 de abril |h 944 |i P926 |p 13538.85 |t Ej.1 | ||
